| 000 | 00537nam a22001817a 4500 | ||
|---|---|---|---|
| 999 |
_c5674 _d5674 |
||
| 003 | GBCCL | ||
| 005 | 20241126110547.0 | ||
| 008 | 180404b ||||| |||| 00| 0 eng d | ||
| 020 | _a0570046157 | ||
| 040 | _cgbc | ||
| 082 |
_a269.2 _bGRE |
||
| 245 |
_a264 Great outreach ideas: _bFor individual Christians and for Churches / _cEdited by Joel D. Heck |
||
| 260 |
_aSt. Louis: _bConcordia Publishing House, _c1993 |
||
| 300 |
_a95 p.; _c21 cm. |
||
| 440 |
_aMinistry Solutions _910242 |
||
| 650 |
_aEvangelistic work _9290 |
||
| 942 |
_2ddc _cBK |
||